|
|
|
|
| LEADER |
02234nam a2200577 a 4500 |
| 001 |
nkc20132528401 |
| 003 |
CZ PrNK |
| 005 |
20140305133741.0 |
| 007 |
ta |
| 008 |
131203s2013 xr a f 000 0 cze |
| 015 |
|
|
|a cnb002528401
|
| 020 |
|
|
|a 978-80-7036-390-4
|q (Národní muzeum :
|q váz.)
|
| 020 |
|
|
|a 978-80-86069-85-2
|q (LIKA klub :
|q váz.)
|
| 035 |
|
|
|a (OCoLC)872339094
|
| 040 |
|
|
|a ABA001
|b cze
|
| 041 |
0 |
|
|a cze
|b cze
|b eng
|b ger
|
| 043 |
|
|
|a ec-----
|a e-xr---
|b e-xr-pg
|2 czenas
|
| 045 |
|
|
|a w-x-
|
| 072 |
|
7 |
|a 75
|x Malířství
|2 Konspekt
|9 21
|
| 080 |
|
|
|a 7.031.4
|2 MRF
|
| 080 |
|
|
|a 75.023.1-033.5
|2 MRF
|
| 080 |
|
|
|a 069.5
|2 MRF
|
| 080 |
|
|
|a (4-191.2)
|2 MRF
|
| 080 |
|
|
|a (437.311)
|2 MRF
|
| 080 |
|
|
|a (048.8)
|2 MRF
|
| 100 |
1 |
|
|a Kafka, Luboš,
|d 1962-
|7 xx0039450
|4 aut
|
| 245 |
1 |
0 |
|a Lidové podmalby na skle :
|b ze sbírek Národního muzea /
|c Luboš Kafka
|
| 246 |
3 |
|
|a Lidové podmalby na skle ze sbírek Národního muzea
|
| 250 |
|
|
|a Vyd. 1.
|
| 260 |
|
|
|a Praha :
|b Národní muzeum :
|b Lika klub,
|c 2013
|
| 300 |
|
|
|a 237 s. :
|b il. (převážně barev.) ;
|c 30 cm
|
| 504 |
|
|
|a Obsahuje bibliografii a bibliografické odkazy
|
| 546 |
|
|
|a České, anglické a německé resumé
|
| 648 |
|
7 |
|a 19.-20. století
|7 ch757015
|2 czenas
|
| 650 |
0 |
7 |
|a lidové umění
|7 ph122321
|z Evropa střední
|y 19.-20. stol.
|2 czenas
|
| 650 |
0 |
7 |
|a podmalba na skle
|7 ph803328
|z Evropa střední
|y 19.-20. stol.
|2 czenas
|
| 650 |
0 |
7 |
|a muzejní sbírky
|7 ph137908
|z Česko
|2 czenas
|
| 650 |
0 |
9 |
|a folk art
|z Europe, Central
|y 19th-20th centuries
|2 eczenas
|
| 650 |
0 |
9 |
|a reverse glass painting
|z Europe, Central
|y 19th-20th centuries
|2 eczenas
|
| 650 |
0 |
9 |
|a museum collections
|z Czechia
|2 eczenas
|
| 655 |
|
7 |
|a monografie
|7 fd132842
|2 czenas
|
| 655 |
|
9 |
|a monographs
|2 eczenas
|
| 610 |
2 |
7 |
|a Národní muzeum (Praha, Česko).
|b Etnografické oddělení
|7 kn20140205002
|2 czenas
|
| 651 |
|
7 |
|a Praha (Česko)
|7 ge118011
|2 czenas
|
| 651 |
|
9 |
|a Prague (Czechia)
|2 eczenas
|
| 710 |
2 |
|
|a Národní muzeum (Praha, Česko)
|7 kn20010709075
|
| 910 |
2 |
|
|a BOA001
|b 4-1317.961
|
| 990 |
|
|
|a BK
|
| 995 |
|
|
|a 01
|
| 991 |
|
|
|b 201402
|c NOV
|e n
|
| 996 |
6 |
|
|b 2610577165
|c 4-1317.961
|l MZK
|r Sklad / do 1 hodiny
|n 8
|p p.v.
|w 001394880
|u 000010
|a 1
|e BOA001
|j MZK50
|s P
|